| 000 | 00823nam a2200241 a 4500 | ||
|---|---|---|---|
| 005 | 20250905063959.0 | ||
| 008 | 031003s2000 mx r 000 0 spa d | ||
| 020 | _a8492243821 | ||
| 035 | _aUPN01000129525 | ||
| 049 | _aCG | ||
| 050 | 4 |
_aHD2326 _bL3.3 |
|
| 100 | 1 | _aLanglois, Richard N. | |
| 245 | 1 | 0 |
_aEmpresas, mercados y cambio económico : _buna teoría dinámica de las instituciones empresariales / _cRichard N. Langlois, Paul L. Robertson ; tr. S. Estapé Triay. |
| 260 |
_aBarcelona, Esp. : _bProyecto A., _c2000. |
||
| 300 | _a176 p. | ||
| 440 | 0 |
_aBiblioteca episteme. _pTratados |
|
| 534 |
_pTraducción de: _tFirms, markets and economic change |
||
| 650 | 4 |
_aIndustrias _93329 |
|
| 650 | 2 |
_aMercadotecnia _95626 |
|
| 650 | 2 |
_aEmpresas _919628 |
|
| 700 | 1 |
_aRobertson, Paul L., _ecoaut. |
|
| 905 | _aLibro | ||
| 999 |
_c101697 _d101697 |
||